00660nam a22001817a 450000500170000001000250001702000260004203500240006803700130009203700330010508200080013810000280014624500580017424600460023226000470027827001340032530000190045920200528142437.0 aUR-8248, B-493332 c100.00a9789380919300 aU-6803, B-493332 bDBAD/PUB bBPPD/Alied Publishers Vender a842 aچرن داس سدھو  aستھرا گاتا رھا /cچرن داس سدھو  aSuthra Gaata Raha /bby Charan Dass Sidhu aد ہلیbکتا بی د نیا c2011 ء a1955, Gali Nawab Mirza, Mohalla Qabristan, Turakman Gate bDelhie110006k011- 23288452 , 9313972589mkitabiduniya@rediffmail.com a62p.c22cm(Hb)